|
|
|
|
| LEADER |
00000cam a2200000 7i4500 |
| 001 |
0000005203 |
| 002 |
000005624 |
| 005 |
.0 |
| 020 |
|
|
|a 9836228721
|
| 090 |
0 |
0 |
|a 371.9
|b CHU
|
| 100 |
0 |
|
|a Chua Tee Tee
|
| 245 |
1 |
0 |
|a Pendidikan khas dan pemulihan :
|b bacaan asas
|c Dr. Chua Tee Tee and Dr. Koh Boh Boon
|
| 260 |
|
|
|a Kuala Lumpur :
|b DBP ,
|c 1992
|
| 300 |
|
|
|a 273p. ;
|c 22cm.
|
| 490 |
0 |
|
|a Siri pendidikan
|
| 650 |
0 |
0 |
|a Gifted children
|x Education
|z Malaysia
|
| 650 |
0 |
0 |
|a Handicapped children
|x Education
|z Malaysia
|
| 650 |
0 |
0 |
|a Remedial teaching
|z Malaysia
|
| 650 |
0 |
0 |
|a Special education
|z Malaysia
|
| 700 |
0 |
|
|a Koh Boh Boon
|
| 999 |
|
|
|a 030555
|b BUKU
|c PINJAMAN
|e PERPUSTAKAAN KOMUNITI PETALING JAYA
|
| 999 |
|
|
|a 030556
|b BUKU
|c PINJAMAN
|e PERPUSTAKAAN KOMUNITI PETALING JAYA
|